Catálogo público

The genus lonatura osborn and ball (Homoptera, cicadellidae) / (Record no. 206892)

MARC details
000 -CABECERA
campo de control de longitud fija 00779nam a2200253Ia 4500
001 - NÚMERO DE CONTROL
campo de control Para_8048
003 - IDENTIFICADOR DEL NÚMERO DE CONTROL
campo de control CHAP
008 - DATOS DE LONGITUD FIJA--INFORMACIÓN GENERAL
campo de control de longitud fija 220125s9999 xx 000 0 und d
010 ## - NÚMERO DE CONTROL DE LA BIBLIOTECA DEL CONGRESO
Número de control de LC 206892
040 ## - FUENTE DE LA CATALOGACIÓN
Centro/agencia transcriptor CHAP
082 ## - NÚMERO DE LA CLASIFICACIÓN DECIMAL DEWEY
Número de clasificación PA-C 595.75 H4
100 ## - ENTRADA PRINCIPAL--NOMBRE DE PERSONA
Nombre de persona Delong, D.M.
9 (RLIN) 172066
245 ## - MENCIÓN DE TÍTULO
Título The genus lonatura osborn and ball (Homoptera, cicadellidae) /
Mención de responsabilidad, etc. by D.M. Delong
300 ## - DESCRIPCIÓN FÍSICA
Extensión 93-102 p.
500 ## - NOTA GENERAL
Nota general Sobretiro de: Trans. Am. Ent. Soc. 52: 93-102, 19--. Encuadernado con otros impresos similares
650 ## - PUNTO DE ACCESO ADICIONAL DE MATERIA--TÉRMINO DE MATERIA
Término de materia o nombre geográfico como elemento de entrada
Subdivisión general Hemípteros
-- colecciones de escritos
-- Cicadelidos
9 (RLIN) 172058
901 ## - ELEMENTOS DE DATOS A LOCAL LDA (RLIN)
a PA-C 595.75 H4
902 ## - ELEMENTOS DE DATOS B LOCAL, LDB (RLIN)
a A
905 ## - ELEMENTOS DE DATOS E LOCAL, LDE (RLIN)
a 000000 0000000000 00
910 ## - DATOS DE OPCIÓN DEL USUARIO (OCLC)
Datos de opción del usuario
942 ## - ELEMENTOS DE PUNTO DE ACCESO ADICIONAL (KOHA)
Tipo de ítem Koha Parasitologia_
942 ## - ELEMENTOS DE PUNTO DE ACCESO ADICIONAL (KOHA)
Tipo de ítem Koha Parasitologia_
-- 1
Holdings
Estado de retiro Estado de pérdida Fuente del sistema de clasificación o colocación Estado dañado Restricciones de uso No para préstamo Código de colección Localización permanente Ubicación/localización actual Ubicación en estantería Fecha de adquisición Información codificada de la localización en otra ubicación Enumeración/cronología de publicación seriada Total de préstamos Código de barras Fecha visto por última vez Precio válido a partir de Tipo de ítem Koha Nota pública
    Dewey Decimal Classification   Préstamo interno   Consulta Parasitologia Agricola Parasitologia Agricola   27/10/2005 PARA Volumen: 12   PA_8310-32 25/01/2022 25/01/2022 Libro 3